<?xml version="1.0" encoding="UTF-8"?>
<record
    xmlns:xsi="http://www.w3.org/2001/XMLSchema-instance"
    xsi:schemaLocation="http://www.loc.gov/MARC21/slim http://www.loc.gov/standards/marcxml/schema/MARC21slim.xsd"
    xmlns="http://www.loc.gov/MARC21/slim">

  <leader>03193nam a2200577Ia 4500</leader>
  <controlfield tag="001">863</controlfield>
  <controlfield tag="008">241029s9999    xx            000 0 und d</controlfield>
  <datafield tag="010" ind1=" " ind2=" ">
    <subfield code="a">785</subfield>
  </datafield>
  <datafield tag="041" ind1=" " ind2=" ">
    <subfield code="a">Espa&#xF1;ol</subfield>
  </datafield>
  <datafield tag="082" ind1=" " ind2=" ">
    <subfield code="a">F.L.E.S M.A  PSI  2011 146</subfield>
  </datafield>
  <datafield tag="245" ind1=" " ind2="0">
    <subfield code="a">Factores psicosociales que iinciden en la deserci&#xF3;n escolar en los (as) alumnos(as) del 2do. Ciclo del Nivel B&#xE1;sico, en la Escuela Rep&#xFA;blica Dominicana seg&#xFA;n los docentes. Per&#xED;odo a&#xF1;o 2006-2007</subfield>
  </datafield>
  <datafield tag="260" ind1=" " ind2=" ">
    <subfield code="a">Santo Domingo</subfield>
  </datafield>
  <datafield tag="300" ind1=" " ind2=" ">
    <subfield code="a">65</subfield>
  </datafield>
  <datafield tag="520" ind1=" " ind2=" ">
    <subfield code="a">20</subfield>
  </datafield>
  <datafield tag="630" ind1=" " ind2=" ">
    <subfield code="a">Alumnado</subfield>
  </datafield>
  <datafield tag="630" ind1=" " ind2=" ">
    <subfield code="a">Deserci&#xF3;n Estudiantil</subfield>
  </datafield>
  <datafield tag="630" ind1=" " ind2=" ">
    <subfield code="a">Docentes</subfield>
  </datafield>
  <datafield tag="630" ind1=" " ind2=" ">
    <subfield code="a">Incidencia</subfield>
  </datafield>
  <datafield tag="650" ind1=" " ind2=" ">
    <subfield code="a">Deserci&#xF3;n Escolar</subfield>
  </datafield>
  <datafield tag="690" ind1=" " ind2=" ">
    <subfield code="a">Elaborado</subfield>
  </datafield>
  <datafield tag="700" ind1=" " ind2=" ">
    <subfield code="e">asesor</subfield>
    <subfield code="a">Heredia, Le&#xF3;nidas </subfield>
  </datafield>
  <datafield tag="700" ind1=" " ind2=" ">
    <subfield code="e">autor</subfield>
    <subfield code="a">Hungr&#xED;a De Jes&#xFA;s, Mar&#xED;a Margarita</subfield>
  </datafield>
  <datafield tag="700" ind1=" " ind2=" ">
    <subfield code="e">autor</subfield>
    <subfield code="a">Feliz Rubio, Rosa Emma</subfield>
  </datafield>
  <datafield tag="700" ind1=" " ind2=" ">
    <subfield code="e">asesor</subfield>
    <subfield code="a">Acosta, Francisco</subfield>
  </datafield>
  <datafield tag="901" ind1=" " ind2=" ">
    <subfield code="a">{"1":"Hungr&#xED;a De Jes&#xFA;s","2":"Feliz Rubio"}</subfield>
    <subfield code="b">{"1":"Mar&#xED;a Margarita","2":"Rosa Emma"}</subfield>
  </datafield>
  <datafield tag="902" ind1=" " ind2=" ">
    <subfield code="a">2</subfield>
  </datafield>
  <datafield tag="903" ind1=" " ind2=" ">
    <subfield code="a">{"1":"Acosta","2":"Heredia"}</subfield>
    <subfield code="b">{"1":"Francisco","2":"Le&#xF3;nidas "}</subfield>
  </datafield>
  <datafield tag="904" ind1=" " ind2=" ">
    <subfield code="a">Maestr&#xED;a en</subfield>
  </datafield>
  <datafield tag="905" ind1=" " ind2=" ">
    <subfield code="a">Psicolog&#xED;a Escolar</subfield>
  </datafield>
  <datafield tag="906" ind1=" " ind2=" ">
    <subfield code="a">2</subfield>
  </datafield>
  <datafield tag="907" ind1=" " ind2=" ">
    <subfield code="a">NO APLICA</subfield>
  </datafield>
  <datafield tag="908" ind1=" " ind2=" ">
    <subfield code="a">NO APLICA</subfield>
  </datafield>
  <datafield tag="909" ind1=" " ind2=" ">
    <subfield code="a">Universidad Aut&#xF3;noma de Santo Domingo (UASD)</subfield>
  </datafield>
  <datafield tag="910" ind1=" " ind2=" ">
    <subfield code="a">NULL</subfield>
    <subfield code="b">NULL</subfield>
  </datafield>
  <datafield tag="911" ind1=" " ind2=" ">
    <subfield code="a">["1"]</subfield>
  </datafield>
  <datafield tag="912" ind1=" " ind2=" ">
    <subfield code="a">NO APLICA</subfield>
  </datafield>
  <datafield tag="913" ind1=" " ind2=" ">
    <subfield code="a">NULL</subfield>
  </datafield>
  <datafield tag="914" ind1=" " ind2=" ">
    <subfield code="a">10 de Enero de 2011</subfield>
  </datafield>
  <datafield tag="915" ind1=" " ind2=" ">
    <subfield code="a">12/07/15 06:07</subfield>
  </datafield>
  <datafield tag="916" ind1=" " ind2=" ">
    <subfield code="a">NULL</subfield>
  </datafield>
  <datafield tag="917" ind1=" " ind2=" ">
    <subfield code="a">NULL</subfield>
  </datafield>
  <datafield tag="918" ind1=" " ind2=" ">
    <subfield code="a">NO APLICA</subfield>
  </datafield>
  <datafield tag="919" ind1=" " ind2=" ">
    <subfield code="a">["244","64","70","209"]</subfield>
  </datafield>
  <datafield tag="520" ind1=" " ind2=" ">
    <subfield code="a">El prop&#xF3;sito principal de este estudio consisti&#xF3; en &#xA0;establecer los factores psicosociales que incidieron en la deserci&#xF3;n escolar de los(as) alumnos(as) del 2do Ciclo del Nivel B&#xE1;sico en la Escuela Rep&#xFA;blica Dominicana del sector de Villa Juana en el periodo 2006-2007. La investigaci&#xF3;n fue de corte cualitativo, documental y exploratorio; y se fundament&#xF3; en el m&#xE9;todo inductivo. La t&#xE9;cnica de recolecci&#xF3;n de datos consisti&#xF3; en el cuestionario. &#xA0;El universo estuvo conformado por 45 docentes del 2do Ciclo del Nivel B&#xE1;sico, de la cual se seleccion&#xF3; una muestra de 12 docentes.&#xA0;Los principales resultados del estudio indican que los hallazgos de la investigaci&#xF3;n muestran niveles altos de percepci&#xF3;n de los diferentes factores estudiados y las dificultades vinculadas al contexto social. La educaci&#xF3;n b&#xE1;sica en Rep&#xFA;blica Dominicana, manifiesta una escasa capacidad de retenci&#xF3;n de los ni&#xF1;os y adolescentes en las escuelas. Lo que se traduce en altas tasas de deserci&#xF3;n y repitencia escolar, principalmente en los primeros a&#xF1;os del nivel de educaci&#xF3;n b&#xE1;sica. &#xA0;&#xA0;El estudio recomienda &#xA0;al Ministerio de Educaci&#xF3;n, considere como una pol&#xED;tica, el seguimiento de los indicadores de deserci&#xF3;n y repitencia escolar, as&#xED; como la construcci&#xF3;n de nuestras estrategias que permitan conocer m&#xE1;s espec&#xED;ficamente tras posibles causas que generan aumentos en la deserci&#xF3;n y repitencia escolar a nivel general; ya que el problema no es solo en la educaci&#xF3;n b&#xE1;sica sino en educaci&#xF3;n media y superior.&#xA0;</subfield>
  </datafield>
  <datafield tag="921" ind1=" " ind2=" ">
    <subfield code="a">2</subfield>
  </datafield>
  <datafield tag="922" ind1=" " ind2=" ">
    <subfield code="a">2</subfield>
  </datafield>
  <datafield tag="923" ind1=" " ind2=" ">
    <subfield code="a">0</subfield>
  </datafield>
  <datafield tag="924" ind1=" " ind2=" ">
    <subfield code="a">NO APLICA</subfield>
  </datafield>
  <datafield tag="942" ind1=" " ind2=" ">
    <subfield code="c">Tesis</subfield>
  </datafield>
  <datafield tag="999" ind1=" " ind2=" ">
    <subfield code="c">785</subfield>
    <subfield code="d">785</subfield>
  </datafield>
</record>
